LIBRARY ONLINE CATALOGUE

Sabriel / (Record no. 4056)

MARC details
000 -LEADER
fixed length control field 00539cam a22002052 4500
001 - CONTROL NUMBER
control field 0000020019
005 - DATE AND TIME OF LATEST TRANSACTION
control field 20151217145922.0
008 - FIXED-LENGTH DATA ELEMENTS--GENERAL INFORMATION
fixed length control field 110526s xx 000 0 eng d
020 ## - INTERNATIONAL STANDARD BOOK NUMBER
International Standard Book Number 0007137311 :
040 ## - CATALOGING SOURCE
Original cataloging agency KABU
Transcribing agency KABU
100 1# - MAIN ENTRY--PERSONAL NAME
Personal name Nix, Garth.
-- 0000180059
245 10 - TITLE STATEMENT
Title Sabriel /
Statement of responsibility, etc. Garth Nix.
250 ## - EDITION STATEMENT
Edition statement 1st ed.
260 ## - PUBLICATION, DISTRIBUTION, ETC. (IMPRINT)
Place of publication, distribution, etc. Australia :
Name of publisher, distributor, etc. HarperCollins,
Date of publication, distribution, etc. 1995.
300 ## - PHYSICAL DESCRIPTION
Extent 366 p.
650 #0 - SUBJECT ADDED ENTRY--TOPICAL TERM
Topical term or geographic name as entry element Australian fiction.
-- 0000180060
908 ## - PUT COMMAND PARAMETER (RLIN)
Put command parameter 110526
950 ## - LOCAL HOLDINGS (RLIN)
-- 1
Holdings
Withdrawn status Lost status Source of classification or shelving scheme Not for loan Home library Current library Date acquired Total Checkouts Total Renewals Full call number Barcode Checked out Date last seen Date last checked out Price effective from Koha item type
    Library of Congress Classification   Kabarak, Main Campus Kabarak, Main Campus 17/12/2015 20 2 PR9619.3 .N59S23 1995 21855 08/08/2025 23/07/2025 23/07/2025 17/12/2015 General Collection